Fundamentos de derecho laboral
Salvato in:
| Autore principale: | |
|---|---|
| Natura: | Libro |
| Lingua: | spagnolo |
| Pubblicazione: |
Santiago
LexisNexis
2008
|
| Edizione: | 1a. ed |
| Soggetti: | |
| Tags: |
Aggiungi Tag
Nessun Tag, puoi essere il primo ad aggiungerne!!
|
MARC
| LEADER | 00000nam a2200000 a 4500 | ||
|---|---|---|---|
| 001 | UCI6851 | ||
| 003 | CL-VaPUC | ||
| 008 | 080530e20080000CL |||||||||||||||||spa|d | ||
| 020 | |a 9789562387613 | ||
| 082 | 0 | 4 | |a 344.8301 |b GAM |2 21 |
| 100 | |a Gamonal Contreras, Sergio |e autor |9 344 | ||
| 245 | 1 | 0 | |a Fundamentos de derecho laboral |
| 250 | |a 1a. ed | ||
| 300 | |a 162 p | ||
| 942 | |c BK | ||
| 945 | |d 20080530 00:00:00 |a rbrito | ||
| 260 | |a Santiago |b LexisNexis |c 2008 | ||
| 600 | 0 | 7 | |a OIT |2 CL-VaPUC |9 255318 |
| 650 | 7 | |a DERECHO LABORAL |2 CL-VaPUC |9 15 | |
| 650 | 0 | |a Derecho internacional |9 255637 | |
| 650 | 0 | |a Trabajadores |9 260887 | |
| 583 | |a last modification |c 20190814 01:19:55 |k Rodrigo Vera | ||
| 999 | |c 330299 |d 330297 | ||
| 952 | |0 0 |1 0 |4 0 |6 344_830100000000000_GAM_2008 |7 0 |8 A |9 415788 |a BIBDER |b BIBDER |d 2019-11-22 |i 4444868 |l 3 |m 4 |o 344.8301 GAM 2008 |p 4444868 |r 2023-12-12 |s 2023-11-21 |w 2019-11-22 |y BK |k DER | ||
| 952 | |0 0 |1 0 |4 0 |6 344_830100000000000_GAM_2008 |7 0 |8 A |9 415789 |a BIBDER |b BIBDER |d 2019-11-22 |i 4444876 |l 2 |o 344.8301 GAM 2008 |p 4444876 |r 2023-05-30 |s 2023-05-30 |w 2019-11-22 |y BK |k DER | ||
| 952 | |0 0 |1 0 |4 0 |6 344_830100000000000_GAM_2008 |7 0 |8 A |9 415790 |a BIBDER |b BIBDER |d 2019-11-22 |i 4444884 |l 1 |o 344.8301 GAM 2008 |p 4444884 |r 2023-01-25 |s 2022-03-23 |w 2019-11-22 |y BK |k DER | ||
| 952 | |0 0 |1 0 |4 0 |6 344_830100000000000_GAM_2008 |7 0 |8 A |9 415791 |a BIBDER |b BIBDER |d 2019-11-22 |i 4444892 |l 3 |m 1 |o 344.8301 GAM 2008 |p 4444892 |r 2023-01-25 |s 2022-03-28 |w 2019-11-22 |y BK |k DER | ||
| 952 | |0 0 |1 0 |4 0 |6 344_830100000000000_GAM_2008 |7 0 |8 A |9 415792 |a BIBDER |b BIBDER |d 2019-11-22 |i 4444906 |o 344.8301 GAM 2008 |p 4444906 |r 2023-01-25 |w 2019-11-22 |y BK |k DER | ||